| Tag |
First Indicator |
Second Indicator |
Subfields |
| LEADER |
00000cam a2200000 a 4500 |
| 001 |
in00001408035 |
| 005 |
20151020070149.0 |
| 008 |
951101r19961994nyua j 000 1 eng |
| 010 |
|
|
|a 95049035
|
| 020 |
|
|
|a 0786802839 (trade)
|
| 035 |
|
|
|a (OCoLC)33667210
|
| 035 |
|
|
|9 AHP8416AM
|
| 040 |
|
|
|a DLC
|c DLC
|d OCL
|d UtOrBLW
|
| 049 |
|
|
|a TXAG
|
| 050 |
0 |
0 |
|a PZ7.T16135
|b On 1996
|
| 082 |
0 |
0 |
|a [Fic]
|2 20
|
| 100 |
1 |
|
|a Tanaka, Shelley.
|
| 245 |
1 |
0 |
|a On board the Titanic :
|b what it was like when the great liner sank /
|c by Shelley Tanaka ; paintings by Ken Marschall.
|
| 264 |
|
1 |
|a New York :
|b Hyperion Books for Children,
|c 1996.
|
| 300 |
|
|
|a 48 pages :
|b color illustrations ;
|c 24 x 29 cm.
|
| 336 |
|
|
|a text
|b txt
|2 rdacontent
|
| 337 |
|
|
|a unmediated
|b n
|2 rdamedia
|
| 338 |
|
|
|a volume
|b nc
|2 rdacarrier
|
| 500 |
|
|
|a "An I was there book."
|
| 500 |
|
|
|a "First published in the United States by Hyperion Books for Children" --Title page verso.
|
| 500 |
|
|
|a "A Hyperion/Madison Press book."
|
| 520 |
|
|
|a Seventeen-year-old Jack Thayer explores the Titanic and forms a brief friendship with another passenger before experiencing the wreck of the giant ocean liner.
|
| 610 |
2 |
0 |
|a Titanic (Steamship)
|x Juvenile fiction.
|
| 610 |
2 |
1 |
|a Titanic (Steamship)
|x Fiction.
|
| 650 |
|
1 |
|a Shipwrecks
|x Fiction.
|
| 650 |
|
1 |
|a Ocean liners
|x Fiction.
|
| 700 |
1 |
|
|a Marschall, Ken.
|
| 999 |
|
|
|a MARS
|
| 999 |
f |
f |
|s 339a4087-4c74-3d38-b36a-28cc3bbf03e7
|i 591c8358-2b51-32be-af20-4a848f17f86d
|t 0
|
| 952 |
f |
f |
|p noncirc
|a Texas A&M University
|b Galveston Campus
|c Jack K. Williams Library
|d Galveston Special Collections
|t 0
|e PS3570.A493 O5 1996
|h Library of Congress classification
|i unmediated -- volume
|m 33620001116249
|
| 952 |
f |
f |
|p normal
|a Texas A&M University
|b College Station
|c Sterling C. Evans Library
|d Evans: Curriculum Collection (4th floor)
|t 0
|e PZ7.T16135 On 1996
|h Library of Congress classification
|i unmediated -- volume
|m A14822234232
|
| 998 |
f |
f |
|a PZ7.T16135 On 1996
|t 0
|l Evans: Curriculum Collection (4th floor)
|
| 998 |
f |
f |
|a PS3570.A493 O5 1996
|t 0
|l Galveston Special Collections
|